| 000 | 01166nam a22003257a 4500 | ||
|---|---|---|---|
| 001 | 1018 | ||
| 005 | 20230718131550.0 | ||
| 008 | 230718b cb ||||| |||| 00| 0 eng d | ||
| 020 | _a0152022759 | ||
| 040 |
_aDLC _cDLC _dDLC _beng |
||
| 050 | 0 | 0 |
_aPZ7.H1295 _bFar 2001 |
| 082 | 0 | 0 |
_a813 _221 |
| 100 | 1 | _aHale, Bruce. | |
| 245 | 1 | 0 |
_aFarewell, my lunchbag : _bfrom the tattered casebook of Chet Gecko, private eye / _cBruce Hale. |
| 250 | _aFirst Harcourt paperback edition 2002. | ||
| 260 |
_aNew York : _bHarcourt paperback, _c2002. |
||
| 300 |
_a107 pages : _billustrations ; _c19 cm. |
||
| 505 | _aN | ||
| 520 | _aWhen fourth-grade private eye Chet Gecko is called to catch someone who is stealing food from the school cafeteria, he finds himself framed for the crime. | ||
| 521 |
_a580
_bLexile |
||
| 521 |
_aN
_bRaz-Plus |
||
| 650 | 1 |
_aGeckos _vFiction. |
|
| 650 | 1 |
_aAnimals _vFiction. |
|
| 650 | 1 |
_aSchool lunchrooms, cafeterias, etc. _vFiction. |
|
| 650 | 1 |
_aSchools _vFiction. |
|
| 650 | 1 | _aMystery and detective stories. | |
| 650 | 1 | _aHumorous stories. | |
| 906 |
_a7 _bcbc _corignew _d1 _eecip _f20 _gy-gencatlg |
||
| 942 |
_2ddc _cBK _n0 |
||
| 999 |
_c1018 _d1018 |
||